00702naa#a2200193#i#4500001001500000005001700015011001400032100004100046102000700087200009500094210013700189215001000326608002700336675004600363700002100409700003500430700002900465856001400494EN\\bibl\1900520260415022834.3##a2219-0767##a20171122b2017####ek#y0engy0150####ca##aRU1#aENSURING LABOR SAFETY IN THE TECHNOLOGICAL PRODUCTION OF ASPHALT CONCRETEeJournal article1#aVoronezhcFSBE Institution of Higher Education Voronezh State University of Forestry and Technologies named after G.F. Morozovd2017##a5 с.##aJournal article2local##aБиологические науки. 57#1aNikolenkogS. D.#1aSazonovagSvetlana Anatol'evna#1aManokhingV. Yakovlevich4#azh-szf.ru